| 000 | 00534nam a2200193 a 4500 | ||
|---|---|---|---|
| 001 | 000036447 | ||
| 005 | 20200930075733.0 | ||
| 008 | 120118s1991 ve 000 0 spa d | ||
| 020 | _a9800105522 | ||
| 040 |
_aDO-SdBNP _bspa _cBNPHU |
||
| 082 |
_axxxx _bxxxx |
||
| 100 | 1 |
_aMutis, Alvaro _922796 |
|
| 245 | 1 | 0 |
_aAntología / _cAlvaro Mutis ; prólogo José Balza. |
| 260 |
_aCaracas, : _bMonte Avila, _c1991. |
||
| 300 |
_a111 p. ; _c20 cm. |
||
| 490 | 1 | _aAltazor | |
| 700 | 1 |
_aBalza, José, _epról. _920661 |
|
| 830 | 0 |
_aAltazor _98724 |
|
| 999 |
_c35938 _d35938 |
||